00213nam a22000977a 4500008004100000041000800041080000800049100000700057101000800064245004300072181022b xxu||||| |||| 00| 0 eng d aeng a321 a26 aPOL aSouth African Politics cLeonard.TH